zpět

Detail výsledku týmu

Infinity c&c bar, Zlín

Datum a čas kvízu

26.5 Celkem bodů Celkový počet nahraných bodů na tomto kvízu bez doplňovacích otázek.
9. Pořadí na kvízu Konečné umístění týmu na tomto kvízu.

Zaznamenané odpovědi

# Otázka Odpověď Body Výsledky
1. Bývalý premiér Jiří Paroubek s... Nespokojení 1
2. Ukrajinská pošta vydala k přip... Banksy 1
3. Britskou cenu BAFTA za nejlepš... Na západní frontě klid 1
4. Jistá země nakoupila nedávno n... B 0
5. Česká reprezentace odjela z mi... Markéta Davidová 1
6. Téma o dezertech vyhrálo minul... z Portugalska 0
7. Jak se nazývá dezert v podobě... B) Pečená Aljaška, z Francie 1
8. Takovýto oplatkový dort nese n... pišingr 0
9. Ze kterého města, které je dom... ze Salcburku 0
10. Koupil jsem v cukrárně ___, sl... Lence 0